[Event "Politiken Cup 2013"]
[Site "Helsingør "]
[Date "2013.07.28"]
[Round "2.101"]
[White "Starup, Leo"]
[Black "Hansen, Alex Mehr"]
[Result "0-1"]
[WhiteElo "1686"]
[BlackElo "1953"]
[PlyCount "114"]
[EventDate "2013.07.27"]

1. e4 c6 2. d4 d5 3. Nc3 dxe4 4. Nxe4 Nf6 5. Nxf6+ exf6 6. c3 Bd6 7. Nf3 O-O 8.
Be2 Qc7 9. O-O Bg4 10. h3 Bh5 11. Be3 g5 12. Qd2 h6 13. c4 Nd7 14. b4 Be7 15.
b5 f5 16. d5 Nc5 17. Bxc5 Bxc5 18. Rfe1 Bg6 19. Bf1 cxb5 20. cxb5 Qd6 21. Rab1
Rad8 22. Bc4 Rc8 23. Bf1 Rfd8 24. Red1 Rd7 25. Rbc1 Rcd8 26. Qc2 Ba3 27. Rb1
Rc7 28. Qb3 Bc5 29. Bc4 Rdc8 30. Bf1 Bb6 31. a4 f4 32. Nd4 Bxb1 33. Qxb1 Bxd4
34. Rxd4 Rc5 35. Qf5 Re8 36. Bd3 Re5 37. Qh7+ Kf8 38. Rc4 Rexd5 39. Re4 Re5 40.
Bc4 Qf6 41. Bd3 Rxe4 42. Qxe4 Rc7 43. Be2 Qc3 44. Bf3 Re7 45. Qh7 Qe1+ 46. Kh2
Re6 47. Bd5 Qxf2 48. Bxe6 Qg3+ 49. Kg1 Qe1+ 50. Kh2 Qxe6 51. Qh8+ Ke7 52. Qa8
Qb6 53. a5 Qxb5 54. Qxa7 h5 55. Kg1 g4 56. h4 g3 57. a6 Qb1# 0-1

[Event "Politiken Cup 2013"]
[Site "Helsingør "]
[Date "2013.07.28"]
[Round "2.102"]
[White "Roggensack, Hans Peter"]
[Black "Rasmussen, Ole"]
[Result "1-0"]
[WhiteElo "1950"]
[BlackElo "1727"]
[PlyCount "127"]
[EventDate "2013.07.27"]

1. e4 d6 2. d4 Nf6 3. Nc3 g6 4. Nf3 Bg7 5. Be2 O-O 6. O-O a6 7. h3 b5 8. e5
dxe5 9. Nxe5 Bb7 10. Bf3 c6 11. Ne4 Nxe4 12. Bxe4 Qc7 13. Bf4 Qc8 14. c3 Nd7
15. Nd3 Nf6 16. Nc5 Nxe4 17. Nxe4 Qf5 18. Nc5 Qxf4 19. Nxb7 Qc7 20. Nc5 a5 21.
Nd3 Rfe8 22. f4 Rad8 23. Qf3 e6 24. a3 Qd7 25. Rae1 Qd5 26. Qf2 f6 27. Qe2 Bf8
28. Nf2 c5 29. Ne4 Kg7 30. dxc5 Bxc5+ 31. Kh1 Bf8 32. Rd1 Qc6 33. Rd3 Rxd3 34.
Qxd3 b4 35. axb4 axb4 36. cxb4 Bxb4 37. Rd1 Be7 38. Qd7 Qxd7 39. Rxd7 Kf8 40.
Rd2 Rb8 41. g3 f5 42. Nc3 g5 43. Ne2 h6 44. Nd4 Kf7 45. Nc6 Rb3 46. Rd7 gxf4
47. gxf4 Rxh3+ 48. Kg2 Rb3 49. Rxe7+ Kf6 50. Rd7 Rxb2+ 51. Kf3 Rb3+ 52. Ke2
Rb2+ 53. Ke3 Rb3+ 54. Rd3 Rxd3+ 55. Kxd3 h5 56. Ke3 Kf7 57. Kf3 Ke8 58. Kg3 Kd7
59. Ne5+ Kd6 60. Kh4 Kd5 61. Kxh5 Kd6 62. Kg6 Ke7 63. Kg7 Kd6 64. Kf6 1-0

[Event "Politiken Cup 2013"]
[Site "Helsingør "]
[Date "2013.07.28"]
[Round "2.105"]
[White "Marthedal, Anton Mehmet Yildiz"]
[Black "Pettersen, Joar Gullestad"]
[Result "0-1"]
[WhiteElo "1644"]
[BlackElo "1944"]
[PlyCount "49"]
[EventDate "2013.07.27"]

1. c4 e6 2. g3 f5 3. Bg2 Nf6 4. Nc3 Be7 5. d4 O-O 6. Nf3 d6 7. O-O Ne4 8. Qc2
d5 9. h4 c6 10. Bd2 Bd6 11. Kh2 Qe7 12. Bh3 Nd7 13. c5 Bc7 14. Ng5 h6 15. Nf3
e5 16. b4 exd4 17. Nd1 Nxd2 18. Qxd2 Nf6 19. Kg2 f4 20. Bxc8 Raxc8 21. Nxd4 Ne4
22. Qb2 fxg3 23. f3 Nf2 24. Ne3 Qxe3 25. Nf5 0-1

[Event "Politiken Cup 2013"]
[Site "Helsingør "]
[Date "2013.07.28"]
[Round "2.98"]
[White "Henrichsen, Jens"]
[Black "Nielsen, Leo"]
[Result "1-0"]
[WhiteElo "1937"]
[BlackElo "1752"]
[PlyCount "93"]
[EventDate "2013.07.27"]

1. d4 d5 2. c4 c6 3. Nf3 g6 4. g3 Bg7 5. Bg2 Nf6 6. O-O Ne4 7. Nc3 Bf5 8. cxd5
Nxc3 9. bxc3 cxd5 10. Qb3 Qd7 11. Ne5 Bxe5 12. dxe5 e6 13. c4 Nc6 14. cxd5 exd5
15. Qxd5 O-O-O 16. Qxd7+ Rxd7 17. Bg5 Nxe5 18. e4 Bg4 19. f3 Bh5 20. g4 Nxg4
21. fxg4 Bxg4 22. Bf3 Be6 23. Rfc1+ Rc7 24. Bf4 Rc6 25. Rxc6+ bxc6 26. Rb1 Rd8
27. Rb8+ Kd7 28. Rxd8+ Kxd8 29. a3 Kc8 30. Kf2 Kb7 31. Ke3 c5 32. Kd3 Kb6 33.
Kc3 Kb5 34. Be2+ c4 35. Bd1 a6 36. a4+ Kc5 37. Be2 f5 38. e5 Bd7 39. a5 Be6 40.
h4 Kb5 41. Kd4 h5 42. Bd2 Bf7 43. Bf3 g5 44. Bxg5 Kxa5 45. Bd5 Bxd5 46. Kxd5 c3
47. e6 1-0

[Event "Politiken Cup 2013"]
[Site "Helsingør "]
[Date "2013.07.28"]
[Round "2.106"]
[White "Jacobsen, Fredrik Beer"]
[Black "Hansen, Anders"]
[Result "1-0"]
[WhiteElo "1935"]
[BlackElo "1709"]
[PlyCount "49"]
[EventDate "2013.07.27"]

1. e4 c5 2. Nc3 Nc6 3. g3 e6 4. Bg2 Qc7 5. d3 a6 6. a4 Nf6 7. Nge2 b6 8. f4 Bb7
9. O-O h5 10. e5 Ng4 11. Ne4 b5 12. axb5 axb5 13. Rxa8+ Bxa8 14. h3 Nh6 15.
N2c3 Qb8 16. Qxh5 Be7 17. f5 Qxe5 18. Nxb5 g6 19. Qe2 Qb8 20. fxe6 fxe6 21.
Bxh6 Qxb5 22. Bg7 Rg8 23. Bf6 Rf8 24. Qg4 Bxf6 25. Nd6+ 1-0

[Event "Politiken Cup 2013"]
[Site "Helsingør "]
[Date "2013.07.28"]
[Round "2.107"]
[White "Kristensen, Lars Ostergaard"]
[Black "Klitgaard, Ebbe"]
[Result "0-1"]
[WhiteElo "1666"]
[BlackElo "1935"]
[PlyCount "114"]
[EventDate "2013.07.27"]

1. d4 Nf6 2. c4 e6 3. Nf3 d5 4. Nc3 Be7 5. cxd5 exd5 6. Qc2 O-O 7. Bg5 h6 8.
Bh4 c6 9. e3 Be6 10. Bd3 Nbd7 11. O-O Rc8 12. Rab1 c5 13. dxc5 Nxc5 14. Rfd1
Nfe4 15. Bxe7 Qxe7 16. Rbc1 Nxc3 17. Qxc3 Na4 18. Qd4 Nb6 19. Be2 Rc7 20. Rc3
Rxc3 21. Qxc3 Rc8 22. Qd2 Qc7 23. b3 Qc2 24. Nd4 Qxd2 25. Rxd2 a6 26. Rc2 Kf8
27. Rxc8+ Nxc8 28. Bf3 Ke7 29. Kf1 Kd6 30. Ke1 Ne7 31. b4 Nc6 32. a3 Ne5 33.
Be2 Bd7 34. Kd1 g6 35. Kc2 f5 36. Kc3 g5 37. g3 Nf7 38. Bd3 Ke5 39. Nf3+ Kf6
40. Kd4 Bc6 41. Kc5 Ne5 42. Nxe5 Kxe5 43. f4+ gxf4 44. exf4+ Ke6 45. Bxa6 bxa6
46. h3 h5 47. h4 Bb5 48. Kd4 Kd6 49. Kc3 Kc6 50. Kd4 Ba4 51. Kc3 Bd1 52. Kd4
Bf3 53. Kc3 Kb5 54. Kb3 Bd1+ 55. Kc3 Ka4 56. Kd4 Bf3 57. Ke3 Be4 0-1

[Event "Politiken Cup 2013"]
[Site "Helsingør "]
[Date "2013.07.28"]
[Round "2.108"]
[White "Olsson, Tomas"]
[Black "Heimisson, Hilmir Freyr"]
[Result "0-1"]
[WhiteElo "1932"]
[BlackElo "1690"]
[PlyCount "54"]
[EventDate "2013.07.27"]

1. e4 e6 2. d4 d5 3. Nc3 Bb4 4. e5 c5 5. a3 Bxc3+ 6. bxc3 Ne7 7. Qg4 Qc7 8.
Qxg7 Rg8 9. Qxh7 cxd4 10. Ne2 dxc3 11. f4 Nbc6 12. Qd3 d4 13. Nxd4 Nxd4 14.
Qxd4 Bd7 15. Rg1 b6 16. a4 Rd8 17. Ra3 Bc6 18. Qxc3 Qb7 19. g3 Be4 20. Bd3 Nf5
21. Qb4 Nd4 22. Bb5+ Bc6 23. Qc3 Bxb5 24. axb5 Qe4+ 25. Be3 Nxb5 26. Qb3 Nxa3
27. Qxa3 Qxc2 0-1

[Event "Politiken Cup 2013"]
[Site "Helsingør "]
[Date "2013.07.28"]
[Round "2.112"]
[White "Yilmaz, Kazim"]
[Black "Jacobsen, Mikkel Manosri"]
[Result "1/2-1/2"]
[WhiteElo "1651"]
[BlackElo "1928"]
[PlyCount "92"]
[EventDate "2013.07.27"]

1. d4 Nf6 2. c4 c6 3. Nf3 d5 4. e3 Bf5 5. Nc3 e6 6. Bd2 Nbd7 7. Qb3 Qb6 8. Rc1
Be7 9. Be2 O-O 10. O-O h6 11. Rfe1 Rfe8 12. h3 Bf8 13. Bf1 dxc4 14. Bxc4 Qxb3
15. Bxb3 e5 16. dxe5 Nxe5 17. Nxe5 Rxe5 18. Ne2 Ne4 19. Bc3 Ree8 20. Bc2 Nxc3
21. Nxc3 Bxc2 22. Rxc2 Rad8 23. Ree2 Rd3 24. Red2 Red8 25. Rxd3 Rxd3 26. Kf1
Be7 27. Ke2 Rd8 28. Rd2 Kf8 29. Rxd8+ Bxd8 30. Kd3 Bf6 31. a4 Ke7 32. b4 Bxc3
33. Kxc3 Ke6 34. Kd4 b6 35. g4 g5 36. f4 f6 37. f5+ Ke7 38. e4 Kd6 39. a5 bxa5
40. bxa5 a6 41. Kc4 c5 42. e5+ fxe5 43. f6 Ke6 44. Kxc5 Kxf6 45. Kd5 e4 46.
Kxe4 Ke6 1/2-1/2

[Event "Politiken Cup 2013"]
[Site "Helsingør "]
[Date "2013.07.28"]
[Round "2.113"]
[White "Philipsen, William Horup"]
[Black "Emborg, Jens"]
[Result "1-0"]
[WhiteElo "1922"]
[BlackElo "1618"]
[PlyCount "43"]
[EventDate "2013.07.27"]

1. e4 e6 2. d4 d5 3. Nc3 Nf6 4. Bg5 Be7 5. e5 Nfd7 6. h4 f6 7. exf6 Bxf6 8. Bd3
Bxg5 9. Qh5+ Kf8 10. hxg5 Nc6 11. Rh4 Ne7 12. Rf4+ Nf5 13. g4 Qe7 14. O-O-O g6
15. Qh6+ Qg7 16. gxf5 Qxh6 17. fxe6+ Ke7 18. Nxd5+ Kxe6 19. Nxc7+ Kd6 20. Nb5+
Kc6 21. gxh6 Nb6 22. Rf6+ 1-0

[Event "Politiken Cup 2013"]
[Site "Helsingør "]
[Date "2013.07.28"]
[Round "2.114"]
[White "Suntharalingam, Jarani"]
[Black "Kristensen, Bjarke Hautop"]
[Result "0-1"]
[WhiteElo "1644"]
[BlackElo "1921"]
[PlyCount "80"]
[EventDate "2013.07.27"]

1. e4 c5 2. Nf3 g6 3. d4 cxd4 4. Nxd4 Bg7 5. Nc3 Nc6 6. Be3 d6 7. Bb5 Bd7 8.
O-O Nf6 9. Qd2 Ng4 10. Bxc6 bxc6 11. Bg5 h6 12. Bh4 O-O 13. h3 Ne5 14. Qe2 Qb6
15. Nb3 Rfe8 16. Kh1 Be6 17. f4 Bc4 18. Qe1 Bxf1 19. Qxf1 Nd7 20. Rd1 Qc7 21.
Qc4 Nb6 22. Qe2 a5 23. f5 Nd7 24. fxg6 fxg6 25. Qc4+ Kh7 26. Nd5 Qb7 27. Ne3
Ne5 28. Qe2 Qd7 29. c3 Rf8 30. Nd4 a4 31. Nc4 Rab8 32. Nxe5 Bxe5 33. Nf3 Bg7
34. Bg3 Qe6 35. a3 c5 36. Rd2 Rb7 37. Ne1 Be5 38. Bxe5 Qxe5 39. Nd3 Qg3 40. Qg4
Rf1# 0-1

[Event "Politiken Cup 2013"]
[Site "Helsingør "]
[Date "2013.07.28"]
[Round "2.115"]
[White "Rasmussen, Morten"]
[Black "Bue, Gunnar"]
[Result "1/2-1/2"]
[WhiteElo "1921"]
[BlackElo "1654"]
[PlyCount "64"]
[EventDate "2013.07.27"]

1. d4 Nf6 2. c4 g6 3. g3 Bg7 4. Bg2 O-O 5. Nf3 c6 6. O-O d6 7. Nc3 Nbd7 8. e4
a6 9. h3 b5 10. b3 b4 11. e5 bxc3 12. exf6 Nxf6 13. Qd3 Bf5 14. Qxc3 Ne4 15.
Qe1 Nf6 16. Bf4 Bd3 17. Qd2 Bxf1 18. Rxf1 d5 19. Ne5 Rc8 20. Rc1 Ne4 21. Qe3 f6
22. Nd3 g5 23. Bxg5 Nxg5 24. cxd5 cxd5 25. Rxc8 Qxc8 26. Bxd5+ e6 27. Bc4 Kh8
28. Nc5 Qc6 29. h4 Nf3+ 30. Kf1 f5 31. Nxe6 Nh2+ 32. Kg1 Nf3+ 1/2-1/2

[Event "Politiken Cup 2013"]
[Site "Helsingør "]
[Date "2013.07.28"]
[Round "2.116"]
[White "Kyrkjebo, Marte B"]
[Black "Rasmussen, Morten"]
[Result "1-0"]
[WhiteElo "1641"]
[BlackElo "1920"]
[PlyCount "87"]
[EventDate "2013.07.27"]

1. e4 c6 2. d4 d5 3. e5 Bf5 4. Nf3 e6 5. Be2 c5 6. Be3 Qb6 7. Nc3 Qxb2 8. Qb1
Qxb1+ 9. Rxb1 c4 10. Rxb7 Nc6 11. Nb5 Rb8 12. Rxb8+ Nxb8 13. Kd2 Nc6 14. Rb1
Bb4+ 15. Kd1 a5 16. a3 Be7 17. Nd6+ Bxd6 18. exd6 f6 19. Rb7 g5 20. Rc7 Nd8 21.
Bd2 Nh6 22. Bxa5 Nhf7 23. Bb4 Kf8 24. a4 e5 25. a5 Kg7 26. d7 Ne6 27. Rb7 Nfd8
28. Rb6 Nxd4 29. Nxd4 exd4 30. Rd6 Nf7 31. Rxd5 Rb8 32. Rxf5 Rxb4 33. Rd5 c3
34. Bd3 Nd8 35. a6 Ra4 36. Rc5 Kf7 37. Rc7 Ke7 38. a7 Ne6 39. Rb7 Nd8 40. Rc7
Ne6 41. d8=Q+ Kxd8 42. Rb7 Nc7 43. Be4 d3 44. cxd3 1-0

[Event "Politiken Cup 2013"]
[Site "Helsingør "]
[Date "2013.07.28"]
[Round "2.117"]
[White "Madsen, Ole Rysgaard"]
[Black "Kristensen, Thomas Overgaard"]
[Result "1/2-1/2"]
[WhiteElo "1919"]
[BlackElo "1645"]
[PlyCount "63"]
[EventDate "2013.07.27"]

1. e4 c6 2. d4 d5 3. exd5 cxd5 4. c4 Nf6 5. Nc3 e6 6. Nf3 Na6 7. a3 Nc7 8. b4
a6 9. c5 Bd7 10. a4 g6 11. Bg5 Bg7 12. Ne5 O-O 13. Qf3 Bc6 14. Ng4 Nce8 15. Be2
Bd7 16. O-O e5 17. Nxe5 Qc7 18. Nxd5 Nxd5 19. Qxd5 Bc6 20. Nxc6 bxc6 21. Qc4
Nf6 22. Bf3 Qd7 23. Rad1 h6 24. Bh4 Rfe8 25. Rfe1 g5 26. Bg3 g4 27. Be2 Ne4 28.
Bh4 Ng5 29. d5 Re4 30. dxc6 Qxc6 31. Qc2 Rxb4 32. Bc4 1/2-1/2

[Event "Politiken Cup 2013"]
[Site "Helsingør "]
[Date "2013.07.28"]
[Round "2.120"]
[White "Fossan, Andreas"]
[Black "Helin, Mikael"]
[Result "0-1"]
[WhiteElo "1622"]
[BlackElo "1910"]
[PlyCount "62"]
[EventDate "2013.07.27"]

1. d4 g6 2. c4 Bg7 3. Nc3 d6 4. e4 Nc6 5. Be3 e5 6. d5 Nce7 7. f3 h6 8. Qb3 b6
9. Bd3 f5 10. Qa3 Nf6 11. b4 O-O 12. c5 fxe4 13. fxe4 a5 14. cxb6 c6 15. dxc6
Nxc6 16. Bc4+ Kh7 17. b5 Nb4 18. Qc1 Ng4 19. Nd5 Nxe3 20. Nxe3 Qh4+ 21. Ke2
Rf2+ 22. Kd1 Qxe4 23. Nf3 Nd3 24. Qc3 Qxe3 25. Qxd3 Qxb6 26. Qd5 Bf5 27. Re1
Rc8 28. Rc1 Qc5 29. Qxc5 dxc5 30. Re2 Rf1+ 31. Ne1 Bg4 0-1

[Event "Politiken Cup 2013"]
[Site "Helsingør "]
[Date "2013.07.28"]
[Round "2.121"]
[White "Degerfeldt, Sven"]
[Black "Kistrup, Nicolai"]
[Result "1-0"]
[WhiteElo "1907"]
[BlackElo "1623"]
[PlyCount "73"]
[EventDate "2013.07.27"]

1. d4 Nf6 2. c4 g6 3. Nc3 Bg7 4. Bg5 O-O 5. e3 b6 6. Nf3 Bb7 7. Be2 d6 8. O-O
Nbd7 9. Qc2 Re8 10. h3 e5 11. Rad1 e4 12. Nd2 h6 13. Bh4 g5 14. Bg3 Qe7 15.
Rfe1 Nh7 16. Bg4 Nhf6 17. Bf5 a5 18. Bh2 Rad8 19. Nb5 Rc8 20. d5 Kh8 21. Nd4
Ra8 22. f3 Nc5 23. Rf1 exf3 24. Rxf3 Ncd7 25. Bxd7 Nxd7 26. Nf5 Qd8 27. Nxg7
Kxg7 28. Rdf1 f6 29. Ne4 h5 30. Ng3 h4 31. Nh5+ Kh8 32. Nxf6 Re7 33. Qg6 Nxf6
34. Rxf6 Rg7 35. Qh5+ Rh7 36. Qxg5 Qg8 37. Rg6 1-0

[Event "Politiken Cup 2013"]
[Site "Helsingør "]
[Date "2013.07.28"]
[Round "2.56"]
[White "Nielsen, Ejgild"]
[Black "Jacobsen, Per"]
[Result "1/2-1/2"]
[WhiteElo "1900"]
[BlackElo "1641"]
[PlyCount "84"]
[EventDate "2013.07.27"]

1. d4 Nf6 2. Nf3 g6 3. c4 Bg7 4. Nc3 d5 5. Bf4 a6 6. e3 c5 7. Be2 cxd4 8. exd4
Nc6 9. O-O O-O 10. Rc1 Bf5 11. Re1 Rc8 12. b3 dxc4 13. bxc4 Bg4 14. Be3 Qd7 15.
h3 Bxf3 16. Bxf3 h5 17. Na4 Qf5 18. g4 hxg4 19. hxg4 Qa5 20. Bd2 Qc7 21. Bc3 e6
22. Qe2 Rfd8 23. Qe3 Ne7 24. Nc5 Ne8 25. Nxb7 Rd7 26. Ba5 Qb8 27. Nc5 Bxd4 28.
Nxd7 Bxe3 29. Nxb8 Bxc1 30. Rxc1 Rxb8 31. c5 Nd5 32. Bxd5 exd5 33. Rd1 Rb5 34.
Bb6 Nf6 35. g5 Nd7 36. Rxd5 Nxb6 37. Rd8+ Kg7 38. cxb6 Rxb6 39. Rd5 Rb5 40.
Rxb5 axb5 41. f4 Kf8 42. Kf2 Ke7 1/2-1/2

[Event "Politiken Cup 2013"]
[Site "Helsingør "]
[Date "2013.07.28"]
[Round "2.123"]
[White "Hansen, Ib Lynaes"]
[Black "Jorgensen, Orla Eilegaard"]
[Result "1/2-1/2"]
[WhiteElo "1895"]
[BlackElo "1614"]
[PlyCount "67"]
[EventDate "2013.07.27"]

1. e4 c5 2. Nc3 d6 3. g3 Nf6 4. Bg2 Nc6 5. Nge2 g6 6. O-O Bg7 7. d3 Bg4 8. f3
Bd7 9. Be3 Qc8 10. Nf4 O-O 11. Rb1 Rb8 12. Qd2 b5 13. Nfd5 Nxd5 14. Nxd5 Re8
15. Bh6 Bd4+ 16. Kh1 Bh3 17. c3 Bxg2+ 18. Kxg2 Bg7 19. Bxg7 Kxg7 20. f4 f5 21.
Ne3 e6 22. a3 a5 23. Rfe1 Qb7 24. Kf2 Qd7 25. exf5 exf5 26. Nd5 Ne7 27. Nxe7
Rxe7 28. Rxe7+ Qxe7 29. Re1 Qd7 30. Qe3 Kf7 31. Qf3 Qb7 32. Qe3 Qd7 33. Qf3 Qb7
34. Qe3 1/2-1/2

[Event "Politiken Cup 2013"]
[Site "Helsingør "]
[Date "2013.07.28"]
[Round "2.58"]
[White "Sorensen, Bernhard"]
[Black "Molvig, Julius"]
[Result "0-1"]
[WhiteElo "1591"]
[BlackElo "1889"]
[PlyCount "150"]
[EventDate "2013.07.27"]

1. e4 c5 2. Nf3 e6 3. d4 cxd4 4. Nxd4 a6 5. Nc3 Qc7 6. Be3 Bb4 7. Nde2 Nc6 8.
a3 Be7 9. g3 Nf6 10. Bg2 O-O 11. Qd2 b5 12. O-O Bb7 13. Bf4 d6 14. Rad1 Rfd8
15. b4 Ne5 16. Bxe5 dxe5 17. Qc1 Qc4 18. f3 h6 19. Rxd8+ Rxd8 20. Rd1 Bd6 21.
Rd3 Be7 22. Rxd8+ Bxd8 23. Qd2 Bb6+ 24. Kh1 Qc6 25. g4 Qd7 26. Qxd7 Nxd7 27. a4
Bc6 28. axb5 axb5 29. Nc1 Bd4 30. N1a2 Nb6 31. Bf1 Nc4 32. Bxc4 bxc4 33. b5 Bd7
34. Kg2 Kf8 35. Kf1 Ke7 36. Ke2 Kd6 37. Kd2 Kc5 38. Nc1 Bxb5 39. Nxb5 Kxb5 40.
Ne2 g6 41. Nc3+ Bxc3+ 42. Kxc3 Kc5 43. h4 Kb5 44. g5 h5 45. Kb2 Kc6 46. Ka3 Kd6
47. Kb4 Ke7 48. Kxc4 f6 49. Kd3 fxg5 50. hxg5 Kd6 51. Ke3 Kc5 52. Kd3 Kb4 53.
c3+ Kb3 54. c4 Kb4 55. c5 Kxc5 56. Ke3 Kc4 57. f4 exf4+ 58. Kxf4 Kd4 59. Kf3 h4
60. Kf4 h3 61. Kg3 Kxe4 62. Kxh3 Kf5 63. Kg3 Kxg5 64. Kf3 Kf5 65. Ke3 g5 66.
Kf3 e5 67. Ke3 e4 68. Kf2 Kf4 69. Ke2 g4 70. Kf2 g3+ 71. Kg2 e3 72. Kf1 Kf3 73.
Ke1 g2 74. Kd1 g1=Q+ 75. Kc2 e2 0-1

[Event "Politiken Cup 2013"]
[Site "Helsingør "]
[Date "2013.07.28"]
[Round "2.124"]
[White "Christenson, Bjorn Aa"]
[Black "Greibrokk, Ingrid Andrea"]
[Result "1-0"]
[WhiteElo "1886"]
[BlackElo "1598"]
[PlyCount "65"]
[EventDate "2013.07.27"]

1. e4 c5 2. d4 cxd4 3. c3 dxc3 4. Nxc3 Nc6 5. Nf3 d6 6. Bc4 Bd7 7. Qe2 Bg4 8.
Bxf7+ Kd7 9. Be3 e6 10. Qb5 Qc8 11. Bxg8 Rxg8 12. Nd2 Be7 13. f3 Bh5 14. Qxh5
h6 15. Qb5 g5 16. Rc1 a6 17. Qb3 b5 18. Ne2 Qb7 19. O-O Rg6 20. a4 Rag8 21.
axb5 axb5 22. Nd4 Nxd4 23. Bxd4 g4 24. f4 h5 25. Ra1 Qb8 26. Ra7+ Ke8 27. f5
exf5 28. exf5 Rg5 29. Qe3 Qd8 30. f6 h4 31. Rxe7+ Kf8 32. Qe6 Qxe7 33. Qxe7#
1-0

[Event "Politiken Cup 2013"]
[Site "Helsingør "]
[Date "2013.07.28"]
[Round "2.125"]
[White "Skjolas, Erling Dyrhaug"]
[Black "Knudsen, Jes West"]
[Result "1/2-1/2"]
[WhiteElo "1581"]
[BlackElo "1886"]
[PlyCount "52"]
[EventDate "2013.07.27"]

1. e4 c5 2. Nf3 a6 3. d4 cxd4 4. Nxd4 Nf6 5. Nc3 e5 6. Nf3 Bb4 7. Bg5 h6 8.
Bxf6 Bxc3+ 9. bxc3 Qxf6 10. Qd5 Nc6 11. Rd1 O-O 12. Bc4 Rd8 13. Qd6 Qxd6 14.
Rxd6 Kf8 15. O-O Ke7 16. Rfd1 b5 17. Bxf7 Bb7 18. Bg6 Nd4 19. Nxe5 Kxd6 20.
Nf7+ Kc7 21. Nxd8 Ne2+ 22. Kf1 Nxc3 23. Rd3 Rxd8 24. Rxc3+ Kb6 25. Bf5 d6 26.
Rg3 g5 1/2-1/2

[Event "Politiken Cup 2013"]
[Site "Helsingør "]
[Date "2013.07.28"]
[Round "2.126"]
[White "Bendixen, Daniel"]
[Black "Jacobsen, Caroline Beer"]
[Result "0-1"]
[WhiteElo "1885"]
[BlackElo "1585"]
[PlyCount "100"]
[EventDate "2013.07.27"]

1. e4 e5 2. Nf3 Nc6 3. Bc4 Nf6 4. Ng5 d5 5. exd5 Na5 6. Bb5+ c6 7. dxc6 bxc6 8.
Ba4 Be7 9. Nc3 O-O 10. O-O Nd5 11. Nxd5 cxd5 12. Nf3 Bd6 13. d4 e4 14. Ne5 Qc7
15. f4 Rb8 16. a3 f6 17. Ng4 Qc4 18. c3 Bxg4 19. Qxg4 Qxa4 20. Qe6+ Rf7 21.
Qxd6 Qb5 22. a4 Nc4 23. Qe6 Qa5 24. b4 Qd8 25. a5 f5 26. Ra2 Kf8 27. Qc6 Rf6
28. Qa4 a6 29. Qd1 Qc7 30. Qe2 Rc6 31. Rc2 Re8 32. Kh1 Ree6 33. g4 Nd6 34. gxf5
Nxf5 35. b5 axb5 36. Qxb5 Red6 37. Ba3 Nxd4 38. Bxd6+ Qxd6 39. Qb2 Nxc2 40.
Qxc2 Qa3 41. Qb1 Qxc3 42. Qb8+ Kf7 43. Qb7+ Kf6 44. Qd7 Re6 45. Qd8+ Kf7 46.
Qxd5 Ke7 47. f5 Re5 48. Qb7+ Kf6 49. Qb6+ Kf7 50. f6 Qh3 0-1

[Event "Politiken Cup 2013"]
[Site "Helsingør "]
[Date "2013.07.28"]
[Round "2.127"]
[White "Kyrkjebo, Hanna B"]
[Black "Hanssen, Johnny"]
[Result "1/2-1/2"]
[WhiteElo "1577"]
[BlackElo "1879"]
[PlyCount "59"]
[EventDate "2013.07.27"]

1. e4 c5 2. Nc3 e6 3. g3 d5 4. d3 d4 5. Nce2 e5 6. Bg2 g6 7. f4 Nc6 8. Nf3 Bg7
9. O-O Nge7 10. fxe5 Nxe5 11. Nxe5 Bxe5 12. Bh6 Bg4 13. Qd2 Ng8 14. Bf4 f6 15.
Rf2 Qd7 16. Raf1 Bxe2 17. Qxe2 Bxf4 18. Rxf4 O-O-O 19. e5 f5 20. g4 Ne7 21.
gxf5 gxf5 22. e6 Qc7 23. c3 dxc3 24. bxc3 Rhg8 25. Kh1 Rg6 26. c4 Rdg8 27. R4f2
Rh6 28. Be4 Qd6 29. Bxf5 Nxf5 30. Rxf5 1/2-1/2

[Event "Politiken Cup 2013"]
[Site "Helsingør "]
[Date "2013.07.28"]
[Round "2.128"]
[White "Wiberg, Jonas"]
[Black "Sivaranjan, Aschmirthan"]
[Result "1-0"]
[WhiteElo "1877"]
[BlackElo "1583"]
[PlyCount "81"]
[EventDate "2013.07.27"]

1. d4 Nf6 2. Nf3 g6 3. Bg5 Bg7 4. Nbd2 d5 5. e3 O-O 6. Bd3 Nc6 7. c3 Re8 8. O-O
e5 9. dxe5 Nxe5 10. Nxe5 Rxe5 11. Nf3 Re8 12. Qb3 b6 13. Bb5 Bd7 14. Bxf6 Bxf6
15. Qxd5 Be6 16. Qxd8 Rexd8 17. Bc6 Rab8 18. Nd4 Bc4 19. Rfd1 Rd6 20. Bf3 Rbd8
21. Nb3 Rxd1+ 22. Rxd1 Bxb3 23. Rxd8+ Bxd8 24. axb3 a5 25. Bc6 Bf6 26. Kf1 Kf8
27. Ke2 Ke7 28. f4 Kd6 29. Be8 Ke7 30. Bb5 Kd6 31. e4 Be7 32. g4 f6 33. Kd3 c6
34. Bc4 b5 35. Bf7 c5 36. h4 Bf8 37. Be8 b4 38. Kc4 Ke7 39. Bc6 Kd6 40. Bd5 Be7
41. g5 1-0

[Event "Politiken Cup 2013"]
[Site "Helsingør "]
[Date "2013.07.28"]
[Round "2.109"]
[White "Hansen, Martin Mandrup"]
[Black "Nordin, Eric"]
[Result "0-1"]
[WhiteElo "1537"]
[BlackElo "1874"]
[PlyCount "64"]
[EventDate "2013.07.27"]

1. d4 d6 2. c4 g6 3. Nc3 Bg7 4. Nf3 Nd7 5. e3 e5 6. Bd3 Ngf6 7. O-O O-O 8. Bd2
Re8 9. Qc2 b6 10. b4 c5 11. bxc5 exd4 12. exd4 dxc5 13. d5 Ne5 14. Nxe5 Rxe5
15. f4 Re8 16. f5 Bxf5 17. Bxf5 gxf5 18. Qxf5 Qd7 19. Qg5 h6 20. Qg3 Qg4 21.
Rf3 Qxg3 22. Rxg3 Kh7 23. Rf1 Re7 24. Re3 Rxe3 25. Bxe3 Kg6 26. Bd2 Re8 27. Re1
Rxe1+ 28. Bxe1 Ne8 29. Bh4 Bxc3 30. Be7 Be5 31. Kf2 Kf5 32. Ke3 Bxh2 0-1

[Event "Politiken Cup 2013"]
[Site "Helsingør "]
[Date "2013.07.28"]
[Round "2.129"]
[White "Strachan, Christian C"]
[Black "Dyrhaug, Sverre S"]
[Result "1-0"]
[WhiteElo "1873"]
[BlackElo "1577"]
[PlyCount "67"]
[EventDate "2013.07.27"]

1. e4 e5 2. Nf3 Nc6 3. Bc4 Bc5 4. c3 Nf6 5. d3 h6 6. O-O d6 7. h3 Be6 8. Nbd2
Bxc4 9. Nxc4 b5 10. Ne3 d5 11. Qc2 dxe4 12. dxe4 O-O 13. Nf5 Qd7 14. Rd1 Qe6
15. b3 Rad8 16. Be3 Bxe3 17. Nxe3 Nh5 18. Nd5 Rd7 19. Qe2 Rb8 20. Nh2 Nf4 21.
Nxf4 exf4 22. Rxd7 Qxd7 23. Rd1 Qe6 24. Rd5 b4 25. c4 f5 26. e5 Re8 27. Nf3 g5
28. Qd2 a5 29. Nd4 Nxd4 30. Qxd4 Qb6 31. Qd3 c6 32. Rd7 Rxe5 33. Qd6 Qc5 34.
Qg6+ 1-0

[Event "Politiken Cup 2013"]
[Site "Helsingør "]
[Date "2013.07.28"]
[Round "2.131"]
[White "Fjellengen, Bard"]
[Black "Brogaard, Lars"]
[Result "1-0"]
[WhiteElo "1869"]
[BlackElo "1570"]
[PlyCount "61"]
[EventDate "2013.07.27"]

1. d4 f5 2. c4 Nf6 3. g3 g6 4. Bg2 Bg7 5. Nc3 O-O 6. Nf3 c6 7. O-O Qe8 8. Qc2
d6 9. d5 Na6 10. dxc6 bxc6 11. Nd4 Nb4 12. Qa4 Bd7 13. Nxf5 c5 14. Nxg7 Kxg7
15. Qd1 Rc8 16. Qd2 Qf7 17. a3 Nc6 18. Nd5 Nd4 19. Qd3 Ng4 20. f4 e6 21. Ne3
Nh6 22. Bd2 Bc6 23. Bc3 Bxg2 24. Nxg2 Kg8 25. Bxd4 cxd4 26. b3 Rc5 27. Qxd4 Rh5
28. Ne3 Nf5 29. Nxf5 gxf5 30. Rf2 Qg7 31. Qxg7+ 1-0

[Event "Politiken Cup 2013"]
[Site "Helsingør "]
[Date "2013.07.28"]
[Round "2.132"]
[White "Moller, Arne"]
[Black "Fredericia, Ellen"]
[Result "1/2-1/2"]
[WhiteElo "1860"]
[BlackElo "1544"]
[PlyCount "63"]
[EventDate "2013.07.27"]

1. e4 e6 2. d4 d5 3. Nc3 Bb4 4. e5 c5 5. a3 Ba5 6. Bb5+ Bd7 7. Bxd7+ Nxd7 8.
Be3 Ne7 9. Nge2 Nc6 10. f4 cxd4 11. Nxd4 Nxd4 12. Bxd4 O-O 13. b4 Bb6 14. Nb5
Bxd4 15. Qxd4 Nb6 16. Nd6 Qc7 17. O-O Nc4 18. Nb5 Qb6 19. Qxb6 Nxb6 20. Nd6
Rab8 21. a4 a6 22. b5 Nc4 23. Nxc4 dxc4 24. bxa6 bxa6 25. Rab1 Rfd8 26. Kf2 Kf8
27. Ke3 Ke7 28. a5 Rxb1 29. Rxb1 Rd5 30. Rb7+ Ke8 31. Rb8+ Ke7 32. Rb7+ 1/2-1/2

[Event "Politiken Cup 2013"]
[Site "Helsingør "]
[Date "2013.07.28"]
[Round "2.133"]
[White "Szucs, Michell Daniel"]
[Black "Borg, Flemming"]
[Result "0-1"]
[WhiteElo "1504"]
[BlackElo "1855"]
[PlyCount "72"]
[EventDate "2013.07.27"]

1. Nf3 d6 2. d4 Nf6 3. e3 g6 4. Be2 Bg7 5. c4 O-O 6. Nc3 Bg4 7. h3 Bxf3 8. Bxf3
c6 9. O-O Nbd7 10. Qc2 e5 11. Ne4 Nxe4 12. Qxe4 f5 13. Qc2 exd4 14. exd4 Bxd4
15. Bh6 Rf7 16. Rad1 Be5 17. Rfe1 f4 18. Bg4 Qf6 19. b3 Re8 20. g3 g5 21. gxf4
gxf4 22. Bh5 Qxh6 23. Bxf7+ Kxf7 24. Qf5+ Nf6 25. Kh1 Qg6 26. Qxg6+ hxg6 27. f3
d5 28. Kg2 d4 29. Kf2 c5 30. Re2 Nh5 31. Rde1 Kf6 32. Re4 d3 33. Rd1 Rd8 34.
Rde1 Bd4+ 35. Kg2 Be3 36. Rd1 Ng3 0-1